| 000 -LEADER |
| fixed length control field |
00744nam a2200181Ia 4500 |
| 008 - FIXED-LENGTH DATA ELEMENTS--GENERAL INFORMATION |
| fixed length control field |
191121s 2010 ||||xx |||||||||||||| ||und|| |
| 020 ## - INTERNATIONAL STANDARD BOOK NUMBER |
| International Standard Book Number |
9789280151510 |
| 082 ## - DEWEY DECIMAL CLASSIFICATION NUMBER |
| Classification number |
341.76253 |
| Item number |
IMO |
| 110 ## - MAIN ENTRY--CORPORATE NAME |
| Corporate name or jurisdiction name as entry element |
International Maritime Organization |
| 245 #0 - TITLE STATEMENT |
| Title |
International safety management code (ISM code) and guidelines on the implementation of the ISM code |
| 250 ## - EDITION STATEMENT |
| Edition statement |
3rd |
| 260 ## - PUBLICATION, DISTRIBUTION, ETC. (IMPRINT) |
| Place of publication, distribution, etc |
London |
| Name of publisher, distributor, etc |
Indian Maritime Organization |
| Date of publication, distribution, etc |
2010 |
| 300 ## - PHYSICAL DESCRIPTION |
| Extent |
vi, 73p. |
| 650 ## - SUBJECT ADDED ENTRY--TOPICAL TERM |
| Topical term or geographic name as entry element |
Guidelines on implementation of the International Safety Management Code by Administrations |
| 650 ## - SUBJECT ADDED ENTRY--TOPICAL TERM |
| Topical term or geographic name as entry element |
Guidelines for the operational implementation of the International Safety management Code by Companies |
| 650 ## - SUBJECT ADDED ENTRY--TOPICAL TERM |
| Topical term or geographic name as entry element |
Guidance on near-miss reporting |
| 942 ## - ADDED ENTRY ELEMENTS (KOHA) |
| Item type |
Books |